|
|
|
|
| LEADER |
01111nam a2200289 a 4500 |
| 001 |
14026783 |
| 008 |
120524r20072006caua b 001 0 eng d |
| 010 |
|
|
|a 2005930238
|
| 020 |
|
|
|a 9781412908672
|
| 020 |
|
|
|a 9781412908689
|
| 020 |
|
|
|a 1412908671
|
| 020 |
|
|
|a 141290868X
|
| 040 |
|
|
|a DLC
|c DLC
|d DLC
|d BD-DhAAL
|
| 082 |
0 |
0 |
|a 302.23
|2 22
|
| 100 |
1 |
|
|a Dijk, Jan van,
|d 1952-
|
| 240 |
1 |
0 |
|a Netwerkmaatschappij.
|l English
|
| 245 |
1 |
4 |
|a The network society :
|b social aspects of new media /
|c Jan A.G.M. van Dijk.
|
| 250 |
|
|
|a 2nd ed.
|
| 260 |
|
|
|a Thousand Oaks, CA :
|b Sage Publications,
|c 2006.[Reprinted 2007]
|
| 300 |
|
|
|a vii, 292 p. :
|b ill. ;
|c 25cm.
|
| 504 |
|
|
|a Includes bibliographical references (p. [272]-287) and index.
|
| 541 |
1 |
|
|e 00025270
|
| 650 |
|
0 |
|a Mass media
|x Technological innovations.
|
| 650 |
|
0 |
|a Mass media
|x Social aspects.
|
| 852 |
1 |
|
|a Ayesha Abed Library
|j General shelf
|
| 999 |
|
|
|c 12263
|d 12263
|
| 952 |
|
|
|0 0
|1 0
|4 0
|6 302_230000000000000_DIJ
|7 0
|9 20305
|a BRACUL
|b BRACUL
|c GEN
|d 2012-05-24
|e Karim International
|g 2653.00
|l 4
|m 18
|o 302.23 DIJ
|p 3010025270
|r 2026-01-14
|s 2025-12-15
|t 1
|w 2012-05-24
|y BK
|